| 000 | 00773 a2200193 4500 | ||
|---|---|---|---|
| 003 | NUST | ||
| 005 | 20221226132352.0 | ||
| 020 | _a8185567931 | ||
| 040 | _cNust | ||
| 082 | _a355.02,SCA | ||
| 100 |
_aScales Jr, Robert H. _9105950 |
||
| 245 |
_aFirepower in limited war / _cRobert H.Scales Jr |
||
| 260 |
_aPakistan _bArmy Education Press _c2000 |
||
| 300 |
_a337 p.: _billus |
||
| 505 | _aFirepower in the American Way of War (Page-3), The First Indochina War (Page-23), The Second Indochina War (Page-63), The Afghanistan Intervention (Page-155), The Falk ands Campaign (Page-199), The Gulf (Page-235), Firepower in Future Limited War (Page-287). | ||
| 600 |
_aRobert H.Scales Jr _9105951 |
||
| 650 |
_aFirepower in limited war _9105952 |
||
| 942 |
_2ddc _cBK _k355.02,SCA |
||
| 999 |
_c185406 _d185406 |
||